Najdłuższe nazwy państw - Statystyki

Ogólne statystyki
  • Ten quiz został rozwiązany 36 razy
  • Średni wynik to 6 z 10
Statystyki odpowiedzi
Ilość liter Odpowiedź % Poprawnych
26 Republika Południowej Afryki
73%
27 Republika Środkowoafrykańska
73%
27 Republika Zielonego Przylądka
73%
29 Wyspy Świętego Tomasza i Książęca
73%
27 Demokratyczna Republika Konga
60%
26 Zjednoczone Emiraty Arabskie
60%
22 Saint Vincent i Grenadyny
57%
22 Wybrzeże Kości Słoniowej
43%
18 Bośnia i Hercegowina
37%
17 Macedonia Północna
23%
Nie znaleziono quizów pasujących do podanych kryteriów
Rozkład punktacji
Procent ludzi z każdym wynikiem
Percentyl według liczby udzielonych odpowiedzi
Twoja historia wyników
Nie rozwiązałeś tego quizu